000 00663nam a2200241 4500
003 OTs
005 20260601171022.0
008 260521b1999\\\\||||||||\||||\00|\0\spa\d
040 _aICI
_bspa
_cICI
_erda
050 _aHT166
_bM43 1999
245 _aMedio ambiente:
_bImagen urbana
264 _aCAEQ
_bMéxico
_c1999
300 _a28 Páginas
336 _2rdacontent
_atexto
337 _2rdamedia
_asin medio
338 _2rdacarrier
_avolumen
650 _aUrbanismo
_xAspectos ambientales
650 _aPaisaje urbano
650 _aDiseño urbano
_920844
650 _aMedio ambiente urbano
_934767
650 _aPlanificación urbana
942 _2lcc
_n1
_cB
999 _c20931
_d20931